| 000 | 00586nam a2200217 a 4500 | ||
|---|---|---|---|
| 001 | BRCA_6958 | ||
| 005 | 20190320205647.0 | ||
| 008 | 181111s1941----fr-a######---#000-0#fre-# | ||
| 041 | _afre | ||
| 044 | _afr | ||
| 050 | 4 |
_aNK1285 _b.B74 _c1941 |
|
| 100 | 1 |
_aBréhier, Louis _917343 |
|
| 245 | 1 | 0 |
_aLe style roman _cpar Louis Bréhier |
| 260 |
_aParís _bLarousse _cc1941 |
||
| 300 |
_a125 p. _bil., 48 láminas _c17 cm. |
||
| 440 | 0 |
_aArts, styles et techniques _917344 |
|
| 500 | _aO196 | ||
| 650 | 1 | 4 |
_aDecoración y ornamentación románica _917345 |
| 902 | _aGFM | ||
| 942 |
_2lcc _cB |
||
| 999 |
_c6640 _d6640 |
||